Operating System Forensics (رقم التسجيلة. 79700)

تفاصيل مارك
000 -الفاتح
حقل البيانات ثابتة الطول 03147cam a2200397 a 4500
001 - رقم الضبط
رقم الضبط 1safari9780128019634
003 - محدد رقم الضبط
رقم الضبط CaSebORM
005 - وقت وتاريخ اخر تعامل مع التسجيلة
رقم الضبط 20220314103720.0
006 - عناصر البيانات ثابتة الطول - خصائص المادة الاضافية-معلومات عامة
حقل البيانات ثابتة الطول m o d
007 - الحقل الثابت للوصف المادى- معلومات عامة
حقل البيانات ثابتة الطول cr cn
008 - عناصر البيانات ثابتة الطول - معلومات عامة
حقل البيانات ثابتة الطول 211115s2015 xx o eng
020 ## - الرقم الدولى المعيارى للكتب
الرقم الدولى المعيارى للكتاب الملغى /الخاطئ 9780128019634
020 ## - الرقم الدولى المعيارى للكتب
الرقم الدولى المعيارى للكتاب الملغى /الخاطئ 9780128019498
020 ## - الرقم الدولى المعيارى للكتب
الرقم الدولى المعيارى للكتاب الملغى /الخاطئ 9780128019634
024 8# - معرف معيارى اخر
الرقم او الرمز المعيارى C20140013585
024 8# - معرف معيارى اخر
الرقم او الرمز المعيارى 9780128019634
035 ## - رقم ضبط النظام
رقم ضبط النظام (CaSebORM)9780128019634
040 ## - مصدر الفهرسة
وكالة الفهرسة الأصلية Ma-Un
وكالة النسخ Ma-Un
041 0# - رمز اللغة
رمز لغة النص/ المسارات الصوتية أو العنوان الانفرادي eng
082 ## - رقم تصنيف ديوى العشرى
رقم الطبعة 22
رقم التصنيف 363.25968
رقم المادة MRO
100 1# - المدخل الرئيسى - إسم شخصى
الإسم الشخصى Messier, Ric,
الدور author
9 (RLIN) 89378
245 10 - بيان العنوان
العنوان Operating System Forensics
الوسيط [electronic resource] /
بيان المسئوليه,etc Messier, Ric
250 ## - بيان الطبعة
بيان الطبعة 1st edition
264 #1 - النشر, التوزيع, ETC. (IMPRINT)
اسم الناشر او الموزع Syngress,
تاريخ النشر أو التوزيع 2015
300 ## - الوصف المادى
التعداد 1 online resource (386 pages)
506 ## - تبصرة قيود الاتاحة
قيود الإتاحة Available to OhioLINK libraries
520 ## - التبصرة الخاصة بالتعليق أو التلخيص
ملخص,الخ Operating System Forensics is the first book to cover all three critical operating systems for digital forensic investigations in one comprehensive reference. Users will learn how to conduct successful digital forensic examinations in Windows, Linux, and Mac OS, the methodologies used, key technical concepts, and the tools needed to perform examinations. Mobile operating systems such as Android, iOS, Windows, and Blackberry are also covered, providing everything practitioners need to conduct a forensic investigation of the most commonly used operating systems, including technical details of how each operating system works and how to find artifacts. This book walks you through the critical components of investigation and operating system functionality, including file systems, data recovery, memory forensics, system configuration, Internet access, cloud computing, tracking artifacts, executable layouts, malware, and log files. You'll find coverage of key technical topics like Windows Registry, /etc directory, Web browers caches, Mbox, PST files, GPS data, ELF, and more. Hands-on exercises in each chapter drive home the concepts covered in the book. You'll get everything you need for a successful forensics examination, including incident response tactics and legal requirements. Operating System Forensics is the only place you'll find all this covered in one book. Covers digital forensic investigations of the three major operating systems, including Windows, Linux, and Mac OS Presents the technical details of each operating system, allowing users to find artifacts that might be missed using automated tools Hands-on exercises drive home key concepts covered in the book. Includes discussions of cloud, Internet, and major mobile operating systems such as Android and iOS
533 ## - تبصرة الاستنساخ
نوع الاستنساخ Electronic reproduction.
مكان الاستنساخ Boston, MA :
الوكالة المسؤولة عن الاستنساخ Safari,
تبصرة بخصوص الاستنساخ Available via World Wide Web.
تاريخ الاستنساخ 2016
538 ## - تبصرة تفاصيل النظام
تبصرة التفاصيل الفنية لملف الحاسب Mode of access: World Wide Web
550 ## - تبصرة الهيئة الناشرة
تبصرة الهيئة الناشرة Made available through: Safari, an O'Reilly Media Company
655 #7 - مصطلح تكشيفى-نوع/شكل
بيانات النوع/ الشكل أو المصطلح الأساسي Electronic books.
مصدر المصطلح local
9 (RLIN) 89379
710 2# - المدخل الاضافى - اسم هيئه
اسم الهيئة أو اسم السلطة كمدخل Ohio Library and Information Network
9 (RLIN) 89380
710 2# - المدخل الاضافى - اسم هيئه
اسم الهيئة أو اسم السلطة كمدخل Safari, an O'Reilly Media Company
9 (RLIN) 88237
856 40 - الوصول و الموقع الالكترونى
مواد محددة Safari Books Online
تبصرة عامة Connect to resource
معرف المصدر الموحد <a href="https://learning.oreilly.com/library/view/-/9780128019634/?ar">https://learning.oreilly.com/library/view/-/9780128019634/?ar</a>
942 ## - عناصر المدخل الإضافي( كوها)
مصدر التصنيف او مخطط الترفيف Dewey Decimal Classification
Koha [default] item type كتاب
المقتنيات
حالة الفقد نموذج السعر الفعال حالة تلف ليس للاعارة رقم الطلب تاريخ الاكتساب الموقع الحالي الباركود الفرع الرئيسي Date last seen نوع المادة فى نظام كوها مصدر التصنيف او خطة الترفيف Total Checkouts
  2022-03-14     363.25968 MRO 2022-03-14 المكتبة المركزية بالمجمعة (CL) 00168688 المكتبة المركزية بالمجمعة (CL) 2022-03-14 كتاب Dewey Decimal Classification  
  2022-03-14     363.25968 MRO 2022-03-14 المكتبة المركزية بالمجمعة (CL) 00168689 المكتبة المركزية بالمجمعة (CL) 2022-03-14 كتاب Dewey Decimal Classification  
  2022-03-14     363.25968 MRO 2022-03-14 المكتبة المركزية بالمجمعة (CL) 00168690 المكتبة المركزية بالمجمعة (CL) 2022-03-14 كتاب Dewey Decimal Classification